[Event "40th Plunge Open-A 2020"]
[Site "Plunge"]
[Date "2020.07.16"]
[Round "5.4"]
[White "Indriunas, Matas"]
[Black "Brazdzionis, Andrius"]
[Result "1/2-1/2"]
[WhiteElo "2199"]
[BlackElo "2342"]
[Annotator "TA"]
[PlyCount "42"]
[EventDate "2020.07.13"]
[EventType "swiss"]
[EventCountry "LTU"]
[SourceTitle "playchess.com"]
[Source "ChessBase"]
[SourceQuality "1"]

{[%evp 9,42,7,13,9,0,0,18,0,0,4,0,0,35,8,98,90,83,-12,200,220,245,250,246,210,205,74,201,182,192,189,220,218,210,197,220]} 1. e4 c5 2. Nc3 d6 3. d4 cxd4 4. Qxd4 Nc6 5. Qd2 g6 6. b3 {B23: Closed Sicilian: Lines without g3.} Bh6 7. f4 Nf6 8. Bb2 {The position is equal.} e5 $1 {[%mdl 4] outshines the older 8...0-0. Played by Leinier Dominguez Perez in February 2020.} 9. g3 O-O 10. O-O-O a5 11. a4 {[#]} Nd4 $146 (11... exf4 $11 12. gxf4 Re8) ({Predecessor:} 11... exf4 12. gxf4 Nh5 13. Nge2 Qh4 14. Nd5 Be6 15. Kb1 Bxd5 16. exd5 Ne5 17. Qd4 Nxf4 {1-0 (54) Deepan Chakkravarthy,J (2534)-Yilmaz,M (2636) Dubai 2019}) 12. Nge2 $16 Bg4 13. Bg2 ({White should try} 13. Nxd4 $16 {aiming for Nde2.} exd4 14. Qxd4 Bxd1 15. Nxd1 (15. Kxd1 Bg7 $11)) 13... Rc8 $2 (13... Nxe2+ $11 {and Black has nothing to worry.} 14. Nxe2 exf4) 14. Nxd4 $18 Bxd1 15. Rxd1 exd4 16. Qxd4 {[#] Strongly threatening Nd5.} Bg7 17. Qxd6 (17. Nb5 $18 {and White stays clearly on top.}) 17... Qxd6 (17... Ng4 $16 18. e5 Ne3) 18. Rxd6 {White is clearly better.} Rfd8 19. Rxd8+ Rxd8 20. e5 Ng4 21. Bxb7 Ne3 {Accuracy: White = 61%, Black = 52%.} 1/2-1/2

[Event "40th Plunge Open-A 2020"]
[Site "Plunge"]
[Date "2020.07.16"]
[Round "5.6"]
[White "Narmontas, Raimondas"]
[Black "Simkunaite, Gabija"]
[Result "1-0"]
[WhiteElo "2004"]
[BlackElo "1871"]
[Annotator "TA"]
[PlyCount "91"]
[EventDate "2020.07.13"]
[EventType "swiss"]
[EventCountry "LTU"]
[SourceTitle "playchess.com"]
[Source "ChessBase"]
[SourceQuality "1"]

{[%evp 11,91,25,20,20,12,12,18,0,4,0,34,22,33,-13,58,55,55,52,70,60,68,60,62,23,27,30,27,24,111,33,61,46,137,41,95,97,85,43,55,38,135,80,85,88,132,105,112,102,208,115,121,81,180,183,179,158,154,129,129,125,191,187,192,200,193,194,219,218,224,150,301,302,291,278,310,304,741,468,29995,29996,29996,29997]} 1. d4 f5 2. Nc3 Nf6 3. Bg5 g6 4. Bxf6 exf6 5. e3 d5 6. Bd3 c6 7. Qd2 {A80: Dutch Defence: Unusual White second moves.} Bd6 8. Nge2 {[#]} b6 $146 ({Predecessor:} 8... Qe7 9. a3 a5 10. Na4 Nd7 11. h4 b5 12. Nac3 Nb6 13. Na2 Nc4 14. Bxc4 dxc4 {0-1 (59) Gauchel,V (1582)-Fock,A (1746) Willingen 2018}) 9. O-O-O {The position is equal.} Na6 10. Nf4 Bb7 11. h4 Qd7 12. h5 Bxf4 (12... g5 $11 13. Nfe2 Nb4) 13. exf4 {Qe2+ is the strong threat.} O-O-O $1 14. Rh3 Nc7 15. Rdh1 {And now hxg6 would win.} Rhg8 16. hxg6 hxg6 17. Rh6 (17. g4 $5) 17... Ne6 18. Ne2 c5 {Threatens to win with ...c4.} 19. c3 Qa4 (19... Kb8 $11) 20. Kb1 (20. g4 $1 $16) 20... Ba6 21. Bc2 $36 {[%mdl 2048] White fights for an advantage.} Qa5 {[#]} (21... Qc4 $14) 22. Re1 ({White should play} 22. g4 $1 $16 {[%mdl 512]}) 22... Rde8 ({Better is} 22... Kb8 $14) 23. dxc5 $1 $16 Qxc5 24. Nc1 Qd6 25. g3 Re7 {[#]} (25... d4 $14) 26. Rd1 (26. g4 $142 $1 {[%mdl 512]}) 26... Rd7 27. Ba4 b5 28. Bb3 {[%cal Rb3d5]} Bb7 29. Qe3 Nc5 {[#]} (29... Kb8 $16) 30. Qd4 (30. Rxg6 $1 $18 {[%mdl 512]} Rxg6 31. Qe8+ {[%mdl 64] Double Attack} Kc7 32. Qxg6) 30... Kb8 31. Bc2 Ne4 (31... Qf8 $16) 32. Nb3 $18 Rc7 33. Bxe4 Rc4 34. Qe3 Rxe4 35. Qd2 Qe7 (35... b4 $16) 36. Nd4 a6 37. Rdh1 Qc5 38. a3 a5 39. f3 Re7 40. Re1 b4 $2 {Loses the game.} (40... Rxe1+ $16 41. Qxe1 b4) 41. Rxe7 ({Less strong is} 41. axb4 Rxe1+ 42. Qxe1 axb4 $16) 41... Qxe7 42. cxb4 ({Resist} 42. axb4 $6 axb4 43. cxb4 Qg7 $18) 42... Qf8 43. Rh7 a4 $2 (43... axb4 44. b3 (44. axb4 Rh8 $18) 44... Qd6 45. Qxb4 Qxb4 46. axb4 Rc8) 44. Qc2 {White threatens Qc7+ and mate.} Qd8 (44... Qd6 $18 45. Qxa4 Rc8) 45. Nc6+ Bxc6 46. Qxc6 {Accuracy: White = 62%, Black = 40%.} 1-0

[Event "40th Plunge Open-A 2020"]
[Site "Plunge"]
[Date "2020.07.16"]
[Round "5.7"]
[White "Leclere, Daniel"]
[Black "Zilinskas, Vaidotas"]
[Result "1/2-1/2"]
[WhiteElo "1751"]
[BlackElo "1976"]
[Annotator "TA"]
[PlyCount "102"]
[EventDate "2020.07.13"]
[EventType "swiss"]
[EventCountry "LTU"]
[SourceTitle "playchess.com"]
[Source "ChessBase"]
[SourceQuality "1"]

{[%evp 9,102,43,28,29,27,32,31,26,25,26,28,25,31,12,27,21,22,22,18,-12,4,-12,-8,-9,0,0,0,-27,0,-22,20,10,27,19,11,11,22,-69,-35,-40,0,0,0,0,0,0,0,0,0,0,64,-152,-136,-150,-129,-128,-137,-151,-147,-545,-323,-261,-75,-75,-75,-1872,-1855,-1213,-182,-162,-178,-174,-164,-241,-241,-225,-222,-289,-259,-266,0,-54,0,-4,0,0,0,0,0,0,0,0,0,0,0]} 1. e4 c6 2. d4 d5 3. Nc3 h6 4. Nf3 dxe4 5. Nxe4 Bf5 6. Bd3 {B15: Caro-Kann: 3 Nc3: 3...g6 and 3...dxe4 4 Nxe4 Nf6 5 Nxf6+ exf6.} e6 7. O-O Nf6 8. Re1 {White is slightly better.} Bxe4 9. Bxe4 Nxe4 10. Rxe4 Nd7 11. c3 Nf6 12. Re1 {[#]} Qc7 $146 ({Predecessor:} 12... Bd6 13. Ne5 O-O 14. Qf3 Rc8 15. Bf4 Bb8 16. Rad1 Qd5 17. Qh3 Qxa2 18. Rd3 Kh7 {0-1 (35) Parsonage,I (2043)-Dive,R (2304) Auckland 2017}) 13. Ne5 Bd6 14. f4 O-O-O 15. b4 Nd5 16. Qf3 f6 17. Ng6 Rhe8 18. g3 f5 19. Ne5 Nf6 20. Nd3 Nh7 21. Re2 g5 22. fxg5 hxg5 23. Qf2 ({Better is} 23. Rb1 $11) 23... Kb8 (23... f4 $5) 24. Be3 f4 25. gxf4 gxf4 26. Bxf4 Rg8+ 27. Kh1 Rdf8 {[%cal Rd6f4]} 28. Bxd6 Qxd6 29. Qe3 Rf5 (29... Qd5+ $11 30. Qe4 Qxe4+ 31. Rxe4 Rf3) 30. Qxe6 $2 (30. Rg1 $14 Qd5+ 31. Qe4 Rxg1+ 32. Kxg1) 30... Qf8 $1 $40 {[%mdl 128] Black wants a kill.} 31. Ree1 {Strongly threatening Ne5.} Ng5 $1 {[%cal Rg5e6][%mdl 1024] Black has strong compensation.} 32. Qe2 Nh3 $1 33. Rf1 Qg7 34. Nc5 $2 {[%mdl 8192]} (34. Rxf5 $2 {leads to mate.} Qg1+ $1 {[%mdl 512]} 35. Rxg1 Rxg1#) (34. Rae1 $17) 34... Rg5 35. Qe3 {[#]} Rxc5 $2 ({Inferior is} 35... Rh5 36. Qf3 $16) (35... Qh7 $1 $19 {has better winning chances. And now ...Rg2 would win.} 36. Rae1 a6) 36. Qxh3 Rxc3 $1 37. Rf8+ $2 {[%mdl 8192]} (37. Rf3 $17 Rxf3 38. Qxf3) 37... Qxf8 $19 38. Qxc3 {[%mdl 4096] Endgame KQR-KQR} Qf2 $2 (38... Qf5 39. Qg3+ Rxg3 40. hxg3 Qh3+ {[%mdl 64] Double Attack} 41. Kg1 Qxg3+ 42. Kh1 Qh4+ 43. Kg2 Qg4+ 44. Kf1 Qf4+ 45. Kg2 Qd2+ 46. Kh1 Qxd4) 39. Qh3 Qxd4 40. Rf1 Qxb4 41. Qf3 (41. Qb3 $142 Qg4 42. Qf3) 41... a5 42. Rd1 Qc5 43. Rb1 Rf8 44. Qe4 Qf2 $2 ({Black should play} 44... Rf2 $19 45. Qe6 Ka7) 45. Qxc6 (45. Qe5+ $11 Ka8 46. Qxa5+ Kb8 47. Qe5+ Ka8 48. Qa5+ Kb8 49. Qe5+ Ka8 50. Qa5+) 45... Rf7 46. Qd5 $1 {The position is equal.} Qf4 47. Qd8+ Ka7 48. Qxa5+ Kb8 49. Qd8+ Ka7 {( -> ...Qf3+)} 50. Qd5 Rh7 {[%csl Gh7][%cal Rf4h2]} 51. Qg2 Rxh2+ {Black had all chances to win. Accuracy: White = 63%, Black = 67%.} 1/2-1/2

[Event "40th Plunge Open-A 2020"]
[Site "Plunge"]
[Date "2020.07.16"]
[Round "5.8"]
[White "Stremavicius, Pijus"]
[Black "Maciuitis, Ignas"]
[Result "1-0"]
[WhiteElo "2163"]
[BlackElo "1817"]
[Annotator "TA"]
[PlyCount "67"]
[EventDate "2020.07.13"]
[EventType "swiss"]
[EventCountry "LTU"]
[SourceTitle "playchess.com"]
[Source "ChessBase"]
[SourceQuality "1"]

{[%evp 21,67,33,45,14,22,2,63,61,73,55,57,33,88,92,97,86,75,68,68,58,75,50,185,181,186,168,212,206,286,281,277,235,226,219,281,262,449,408,408,401,574,574,574,574,574,572,554,564]} 1. Nf3 d5 2. c4 e6 3. g3 Nf6 4. Bg2 Be7 5. O-O O-O 6. b3 c5 7. Bb2 Nc6 8. cxd5 exd5 9. d4 Bg4 10. dxc5 Bxc5 11. Nc3 Re8 12. Na4 {D34: Tarrasch Defence: 6 g3 Nf6 7 Bg2 Be7.} Bb4 13. a3 Ba5 (13... Be7 $11) 14. b4 {White is slightly better.} Bc7 15. h3 {[#] Threatens to win with Bxf6.} Bf5 {[#]} 16. Rc1 $146 ({Predecessor:} 16. Nc5 b6 17. Na6 Bd6 18. Bxf6 Qxf6 19. Qxd5 Be4 20. Qa2 Re7 21. Rad1 Rae8 22. Qd2 Be5 23. Nxe5 Qxe5 {1-0 (44) Ilincic,Z (2555)-Brenjo,S (2425) Nis 1996}) 16... Ne5 (16... Ne4 $14) 17. Nxe5 Bxe5 18. Bxe5 Rxe5 19. e3 b6 20. Qd4 $36 {[%mdl 2048] White is pushing.} Re8 21. Nc3 {[%cal Ba4c3,Bc3d5,Bd5f4][%mdl 32]} Ne4 ({Black should play} 21... Rc8 $14) 22. Nxd5 $18 {Black must now prevent Nc7.} Rc8 23. Rfd1 h5 24. h4 Nd6 25. Rxc8 Nxc8 26. Nf4 Qxd4 27. Rxd4 g6 28. Bc6 Re7 $2 (28... Rf8 29. Bd7 Bb1) 29. e4 Bg4 {[#]} 30. f3 $1 {[%mdl 512]} Rc7 (30... Bxf3 $142 31. Rd8+ {[%mdl 64] Double Attack} Kg7 32. Rxc8 Bxe4 33. Bxe4 Rxe4) 31. b5 {White is clearly winning.} Be6 32. Rd8+ Kg7 33. Nd5 Bxd5 34. exd5 {Black got outplayed after the opening. Accuracy: White = 86%, Black = 36%.} ({Less strong is} 34. Rxd5 Kf6 $16) 1-0

[Event "40th Plunge Open-A 2020"]
[Site "Plunge"]
[Date "2020.07.16"]
[Round "5.9"]
[White "Bagdanskis, Dangis"]
[Black "Eigminas, Kipras"]
[Result "1/2-1/2"]
[WhiteElo "1916"]
[BlackElo "2116"]
[Annotator "TA"]
[PlyCount "49"]
[EventDate "2020.07.13"]
[EventType "swiss"]
[EventCountry "LTU"]
[SourceTitle "playchess.com"]
[Source "ChessBase"]
[SourceQuality "1"]

{[%evp 9,49,73,141,102,146,143,358,349,339,269,277,267,298,221,236,171,254,230,266,102,241,170,331,243,244,256,259,277,363,363,366,376,427,275,263,258,264,267,297,316,304,231]} 1. d4 Nf6 2. c3 c5 3. dxc5 Nc6 4. b4 a5 {[#]} 5. b5 $146 ({Predecessor:} 5. Ba3 b6 6. b5 Na7 7. e3 e6 8. cxb6 Bxa3 9. Nxa3 Qxb6 10. Qd4 Qb7 11. Nf3 {1-0 (28) Revin,J (2287)-Gordivsky,M Sevastopol 2000}) 5... Na7 ({Better is} 5... Ne5) 6. a4 {A43: Schmid Benoni.} e6 7. Ba3 g5 $2 {[#]} (7... b6 $16) 8. Qd4 $18 {White is winning.} Bg7 9. g3 O-O 10. Bg2 Re8 11. Ra2 e5 12. Qd2 h6 (12... d6 {keeps fighting.} 13. cxd6 (13. Qxd6 Be6 $16) (13. Qxg5 h6 $16) 13... Bf5) 13. h4 g4 14. h5 $2 {[#]} (14. c4 $18 {and White stays clearly on top.}) 14... Rb8 (14... d5 $16 {might work better.}) 15. c4 e4 $2 (15... b6 16. cxb6 Qxb6) 16. e3 d5 17. cxd6 Be6 18. Rc2 b6 19. Ne2 Rc8 20. c5 Bb3 21. c6 Bxa4 {White has a decisive advantage.} 22. Nbc3 Bxc2 23. Qxc2 Nxc6 24. bxc6 Rxc6 {and if ...b5 works, Black does fine.} 25. Qa4 {Black got outplayed after the opening. Accuracy: White = 43%, Black = 36%.} 1/2-1/2

[Event "40th Plunge Open-A 2020"]
[Site "Plunge"]
[Date "2020.07.16"]
[Round "5.10"]
[White "Bagvilas, Lukas"]
[Black "Salna, Aleksandras"]
[Result "0-1"]
[WhiteElo "1907"]
[BlackElo "2063"]
[Annotator "TA"]
[PlyCount "160"]
[EventDate "2020.07.13"]
[EventType "swiss"]
[EventCountry "LTU"]
[SourceTitle "playchess.com"]
[Source "ChessBase"]
[SourceQuality "1"]

{[%evp 19,160,20,31,19,14,17,31,0,66,36,41,50,118,144,141,128,145,143,145,44,135,107,216,135,205,114,118,-10,156,75,245,-88,0,0,602,590,539,516,854,710,29998,841,29998,-136,-143,-217,-222,-216,-210,-223,-211,-210,-174,-174,-174,-174,-167,-167,-167,-165,-163,-163,-163,-147,-36,-22,-20,-71,-79,-74,-92,-83,-89,-103,-91,-149,0,0,0,0,0,-8,0,0,0,-8,-8,-8,0,-14,-8,-8,-9,-50,-8,-24,-24,-33,-8,-8,-8,-8,-8,-12,0,0,0,-8,0,-8,-8,-8,-8,-8,-8,-8,-8,-15,-12,-20,-20,-28,-28,-34,-15,-37,-52,-409,-409,-409,-354,-29995,-29996,-29996,-29997,-29997,-29996,-29996,-29997,-29997,-29998,-29998,-29999]} 1. e4 c5 2. Nc3 Nc6 3. f4 g6 4. Nf3 Bg7 5. g3 d6 6. Bg2 e5 7. d3 Nge7 8. O-O exf4 9. Bxf4 O-O 10. Qd2 Bg4 11. Bh6 {B25: Closed Sicilian: 3 g3, lines without early Be3.} Bxh6 12. Qxh6 {White threatens Ng5 and mate.} Bxf3 {[#]} 13. Rxf3 $146 {White is slightly better.} (13. Bxf3 {with more complications.} Qb6 14. Rab1 c4+ 15. Kh1 cxd3 16. cxd3 Qd4 17. Bg2) ({Predecessor:} 13. Bxf3 Qb6 14. Qd2 Nd4 15. Bg2 f5 16. exf5 Rxf5 17. Rxf5 Ndxf5 18. Re1 Qc7 19. Qg5 {1-0 (69) Wood,P (1873)-Medworth,A (1593) London 2019}) 13... c4 (13... Qb6 $11 14. Qd2 c4+ 15. Kh1 Ne5) 14. Qd2 (14. Kh1 {looks sharper.} Qb6 15. Qd2 Nd4 16. Rf2 cxd3 17. cxd3 f6 18. Raf1) 14... Qb6+ 15. Kh1 Qxb2 (15... Rab8 $14) 16. Rb1 $16 Qa3 17. d4 $1 {[%mdl 1024] White has strong compensation.} (17. Rxb7 $6 Rab8 $14) 17... Qa6 18. g4 f6 19. Bf1 ({White should play} 19. Qf2 $1 $16) 19... b6 (19... Rad8 $14) 20. Nb5 $1 {[%cal Bc3b5,Bb5d6,Bd6f5][%mdl 32]} Qc8 (20... Qxa2 $16 {was necessary.} 21. Qc1 c3) 21. Bxc4+ Kg7 (21... d5 $16 {keeps fighting.}) 22. Rg1 ({Don't play} 22. Rh3 $6 g5 $14) ({Better is} 22. Nxd6 $18 Qd7 23. Qf4 (23. Rh3 h5 $16)) 22... Qd7 23. Qf4 (23. Nc3 $16) 23... a6 $2 (23... Rad8 $11) 24. Nxd6 {And now Nf7 would win.} ({Stronger than} 24. Rh3 g5 $15) 24... b5 $2 (24... g5 $16 25. Qg3 b5) 25. Bd5 $2 ({Not} 25. Rh3 $2 g5 $19) (25. Bf7 $1 $18 Ng8 26. g5 Rxf7 27. Nxf7 Kxf7 28. gxf6) 25... Rad8 (25... Nxd5 $17 26. exd5 Nb4) 26. Nf5+ $1 $11 gxf5 $4 {[%mdl 8192]} (26... Kh8 $11 27. Nxe7 Nxe7) 27. gxf5+ $18 Kh8 28. Be6 $1 {[%cal Re6d7]} Qxd4 (28... Nxd4 $142 29. Bxd7 Nxf3) 29. Qh6 {[%csl Gg1][%cal Rh6g7]} Rg8 {[#]} 30. Bxg8 (30. Qxh7+ $142 $1 {[%mdl 512]} Kxh7 31. Rh3#) 30... Rxg8 {[#]} 31. Rxg8+ $2 (31. Qxh7+ $1 {[%mdl 512] mates} Kxh7 32. Rh3#) 31... Nxg8 $17 32. Qe3 (32. Qf4 $17) 32... Qd1+ $19 33. Kg2 {intending Qd3.} Ne5 34. Rg3 Qxc2+ 35. Kh3 Qxa2 36. Qa7 {[%csl Gg3][%cal Ra7g7]} Qf7 37. Qxf7 Nxf7 38. Ra3 Nd6 39. Rxa6 Nxe4 40. Rb6 Nc3 41. Kg4 Kg7 (41... Nh6+ $17 42. Kh5 Kg7 43. Rb7+ Nf7) 42. Rb7+ $15 Kh6 43. h3 (43. Rb6 $1 $11 {keeps the balance.}) 43... Nd5 $17 44. Rxb5 Nge7 45. Rb3 Kg7 46. Ra3 Kf7 47. Rb3 {[#]} (47. h4 $142) 47... Ng8 (47... Nc7 $1 $17 48. Kh5 Ne8) 48. Rb7+ $11 Nde7 49. Kh5 $1 Ke8 50. Rc7 Kd8 51. Rb7 Ke8 52. Rc7 Kf8 53. Rd7 Kg7 {Threatening ...Kh8.} 54. Rb7 Kh8 55. Rb5 $1 Nc6 56. Rd5 Nge7 (56... Ne5 $5 {[%cal Rg8e7]} 57. Rd8 Kg7 $17) 57. Rd6 Kg7 {Strongly threatening ...Ne5.} 58. Rd7 Kf8 59. Rd6 Kf7 {White should prevent ...Ne5.} 60. Rd7 Ne5 61. Rb7 Ke8 62. Kh6 Nxf5+ 63. Kxh7 Kf8 64. Rb6 Kf7 65. Rb7+ Ne7 66. Kh6 Nf3 67. h4 Nd4 68. Kh5 f5 69. Kg5 Ne6+ 70. Kh6 Kf6 71. h5 Kf7 {next ...f4 is good for Black.} 72. Ra7 f4 {Threatens to win with ...f3.} 73. Ra4 $2 {[%mdl 8192]} ({White should try} 73. Ra3 $15) 73... f3 $19 {aiming for ...f2.} 74. Ra2 Kf6 75. Rf2 $2 (75. Kh7 $19) 75... Ng5 {[%cal Re7g8] Black mates.} (75... Nf5+ $2 76. Kh7 $17) 76. Rxf3+ Nxf3 77. Kh7 Kf7 78. Kh6 Nf5+ 79. Kh7 Ng5+ 80. Kh8 Nh4 {A wild game. Accuracy: White = 61%, Black = 61%.} 0-1

[Event "40th Plunge Open-A 2020"]
[Site "Plunge"]
[Date "2020.07.16"]
[Round "6.1"]
[White "Pultinevicius, Paulius"]
[Black "Juksta, Karolis"]
[Result "1/2-1/2"]
[WhiteElo "2512"]
[BlackElo "2366"]
[Annotator "TA"]
[PlyCount "124"]
[EventDate "2020.07.13"]
[EventType "swiss"]
[EventCountry "LTU"]
[SourceTitle "playchess.com"]
[Source "ChessBase"]
[SourceQuality "1"]

{[%evp 9,124,11,27,24,25,33,29,11,29,20,26,35,42,40,38,39,41,33,35,23,32,30,34,11,22,10,16,6,6,5,2,0,0,-5,7,7,7,5,7,0,0,0,22,16,16,0,22,5,22,8,16,16,16,8,22,22,22,22,23,22,22,16,18,0,23,23,23,23,23,23,23,22,22,22,22,22,22,22,22,10,69,0,0,0,0,0,0,0,0,0,220,177,451,438,1301,1261,1223,602,1150,0,0,0,0,0,0,0,0,0,0,0,0,0,0,0,0,0,0]} 1. d4 d5 2. c4 e6 3. Nc3 Nf6 4. Nf3 Nbd7 5. Qc2 c5 6. cxd5 {D37: Queen's Gambit Declined: 5 Bf4.} Nxd5 7. Nxd5 exd5 8. Bg5 {White has an edge.} Be7 9. Bxe7 Qxe7 {[#]} 10. dxc5 $146 ({Predecessor:} 10. g3 c4 11. Bg2 O-O 12. O-O b5 13. b3 Nb6 14. bxc4 Nxc4 15. Ne1 Bg4 16. e3 {1-0 (50) Arencibia Rodriguez,W (2550)-San Segundo Carrillo,P (2495) Ponferrada 1997}) 10... Qxc5 11. Rc1 Qxc2 12. Rxc2 Nf6 13. Nd4 Bd7 14. Rc7 Rb8 15. f3 Ke7 16. Rc1 Rhc8 17. Rd1 Ne8 18. e3 Nd6 19. Kf2 Nf5 20. Bd3 Nxd4 21. exd4 Re8 22. h4 ({Much worse is} 22. Bxh7 g6 $17) 22... h6 23. g4 Rbc8 24. Kg3 Kd6 25. Kf4 f6 26. Rd2 Rc7 27. Bg6 Rec8 28. Re1 Bb5 29. Rdd1 Re7 30. Rxe7 Kxe7 $11 {[%mdl 4096] Endgame KRB-KRB} 31. Bf5 Re8 32. h5 Kd6 33. Bd3 Bd7 34. Rc1 Re7 35. Bf5 Bc6 36. Bd3 Bd7 37. Ra1 Be6 38. a4 Rc7 39. a5 Re7 40. Ra3 Rc7 41. Rb3 Re7 42. Bf5 Bf7 43. Bc8 Kc6 44. Kf5 b6 (44... Be8 $1 $11) 45. a6 (45. Rc3+ $14 Kd6 46. axb6 axb6 47. Rb3) 45... Kc7 46. Bb7 Kd6 47. Rd3 Rc7 48. Re3 Re7 49. Rb3 (49. Rxe7 {looks sharper.} Kxe7 50. Bc6 Kd6 51. Ba4 Kc7 52. Bb5) 49... Rc7 $2 {[#]} (49... Re1 $11 {and Black is okay.}) 50. Rxb6+ $1 $18 {[%mdl 512]} Ke7 $2 (50... axb6 $2 {perishes.} 51. a7 $18) (50... Kd7 {might work better.} 51. Rb3 Kd6 52. Rb6+ Kd7) 51. Rc6 Rxc6 (51... Kd8 $142 52. Rc5 Kd7) 52. Bxc6 {KB-KB} Kd6 53. Bb5 Kc7 54. f4 $2 (54. Be2 $18 {Strongly threatening f4.} Kd7 55. b4) 54... Kd6 $11 {The position is equal.} 55. Be2 {g5 is the strong threat.} Ke7 $1 {( -> ...g6+!)} 56. g5 $1 {[%cal Rg5f6]} g6+ $1 57. Kg4 gxh5+ 58. Kh4 hxg5+ 59. fxg5 fxg5+ 60. Kxg5 Be8 $1 61. Kf5 Kd6 62. Kf4 Bd7 {Accuracy: White = 97%, Black = 84%.} 1/2-1/2

[Event "40th Plunge Open-A 2020"]
[Site "Plunge"]
[Date "2020.07.16"]
[Round "6.2"]
[White "Brazdzionis, Andrius"]
[Black "Vardanyan, Aras"]
[Result "0-1"]
[WhiteElo "2342"]
[BlackElo "2178"]
[Annotator "TA"]
[PlyCount "106"]
[EventDate "2020.07.13"]
[EventType "swiss"]
[EventCountry "LTU"]
[SourceTitle "playchess.com"]
[Source "ChessBase"]
[SourceQuality "1"]

{[%evp 22,105,45,42,54,55,51,46,56,54,75,79,100,104,123,122,120,97,110,105,99,107,124,-104,-90,-225,-229,-223,-237,-318,-307,-280,-237,-254,-234,-225,-231,-205,-150,-191,-38,-62,-56,-43,-57,-228,-226,-422,-366,-452,-421,-535,-523,-579,-597,-614,-588,-573,-550,-544,-453,-444,0,0,0,-463,-446,-437,-411,-469,-479,-438,-517,-492,-496,-689,-637,-2194,-608,-29994,-29994,-29997,-29998,-29998,-29999,-29999]} 1. d4 Nf6 2. c4 e6 3. Nc3 c5 4. d5 exd5 5. cxd5 d6 6. Nf3 g6 7. Nd2 Bg7 8. e4 O-O 9. Be2 Nbd7 10. O-O Re8 11. a4 Ne5 {[#]} 12. Ndb1 $146 ({Predecessor:} 12. Re1 Nfg4 13. h3 Nxf2 14. Kxf2 Qh4+ 15. Kg1 Bxh3 16. Nf1 Ng4 17. Bxg4 Bxg4 18. g3 Qh5 19. Qc2 f5 20. Qh2 Bh3 21. Qe2 Bg4 22. Qh2 {½-½ (24) Berczes,D (2512)-Flumbort,A (2516) Harkany 2009}) 12... Ned7 {A77: Modern Benoni: Classical: 9...Re8 10 Nd2: 10...a6 and 10...Nbd7.} 13. Qc2 Qe7 {[%cal Rf6e4]} 14. f3 Nh5 {Strongly threatening ...Bd4+.White is slightly better.} 15. g4 Bd4+ 16. Kh1 $1 Ng7 17. Nb5 Ne5 18. Qd1 h5 19. Nxd4 cxd4 20. g5 Bh3 21. Rg1 Rac8 22. Bf4 $2 {[#]} (22. Na3 $16 {is necessary to keep the advantage.}) 22... Ng4 $1 $36 {[%cal Rg4f2][%mdl 2560] ( -> ...Nf2#). Black is on the roll.} 23. Rxg4 (23. Qxd4 $2 Nf5 $1 $19 {[%mdl 512]}) (23. Bg3 $17 Ne3 24. Qxd4) (23. fxg4 Qxe4+) 23... hxg4 $19 ({Weaker is} 23... Bxg4 24. Qxd4 h4 25. Nc3 $16 (25. Qxa7 Nh5 $11)) 24. Qxd4 {[#]} Nf5 $1 {[%mdl 512]} 25. Qd3 (25. exf5 Qxe2) 25... Nh4 26. Nd2 f5 27. e5 Bg2+ 28. Kg1 gxf3 29. Bd1 {intending e6.} dxe5 30. d6 Qd7 $2 (30... Rcd8 $1 $19 {[%cal Rd8d6]} 31. Qc4+ Qf7 32. Qxf7+ Kxf7) 31. Bg3 $15 Rc6 32. Nc4 $1 {[#] Hoping for Qd5+.} f2+ $1 33. Kxf2 $2 ({White has to play} 33. Bxf2 $15 Be4 34. Qb3) 33... Be4 $19 34. Qf1 $2 (34. Qb3 Bd5 35. Nb6 $1 {[%mdl 512]} axb6 36. Qxd5+ Kf8 37. Be2 (37. Bb3 $2 Rxd6 38. Qg8+ Ke7 $19) 37... Rxd6 38. Qb5) 34... Ng2 {Threatens to win with ...f4.} 35. Bb3 Kf8 36. Bxe5 Bd5 {...Bxc4 is the strong threat.} 37. Qd3 Bxc4 $1 38. Qh3 {Qh8+ would kill now.} Rxe5 39. Qh8+ Kf7 $1 40. Qxe5 Bxb3 41. Qf6+ Ke8 42. Qh8+ Kf7 43. Qf6+ Kg8 44. Qxg6+ {[#]} Kf8 $1 45. Qf6+ {[#]} Bf7 $1 46. Qh8+ Bg8 47. Qf6+ Qf7 48. Qd8+ Kg7 49. Rd1 Nf4 50. d7 Rc2+ {[%mdl 64] Double Attack. Black mates.} 51. Kg1 Nh3+ 52. Kh1 {[#]} Qd5+ $1 53. Rxd5 Bxd5# {Accuracy: White = 49%, Black = 89%.} 0-1